[Event "I Memorial Oliver Gonzalez Somoza"]
[Site "Madrid ESP"]
[Date "2010.10.16"]
[Round "8.11"]
[White "Gemy, Jose Daniel"]
[Black "Perez Mitjans, Orelvis"]
[Result "1-0"]
[WhiteElo "2325"]
[BlackElo "2445"]
[PlyCount "83"]
[EventDate "2010.10.09"]
[EventType "swiss"]
[EventRounds "9"]
[EventCountry "ESP"]
[Source "lmi"]
[SourceDate "2010.10.09"]

1. d4 Nf6 2. Nf3 g6 3. e3 Bg7 4. b4 O-O 5. c4 d6 6. Bb2 e5 7. Be2 e4 8. Nfd2 h5
9. Nc3 Re8 10. h3 h4 11. Qc2 Bf5 12. g4 hxg3 13. fxg3 Nc6 14. g4 Bd7 15. a3 Bh6
16. Nf1 d5 17. O-O-O Ne7 18. Kb1 a5 19. b5 c6 20. c5 b6 21. a4 Rb8 22. Ka2 Be6
23. Ka1 Nd7 24. Ba3 Bg7 25. Nd2 bxc5 26. dxc5 cxb5 27. axb5 a4 28. Ndb1 Qc7 29.
Rd4 Qg3 30. Qd2 Bh6 31. Nd1 Rec8 32. Qc3 Qg2 33. Re1 Qxh3 34. c6 Nxc6 35. bxc6
Ne5 36. c7 Rb3 37. Qc1 Rb6 38. Rxa4 Qg3 39. Qd2 Bxg4 40. Bxg4 Nxg4 41. Qxd5
Qxe1 42. Qd8+ 1-0

[Event "I Memorial Oliver Gonzalez Somoza"]
[Site "Madrid ESP"]
[Date "2010.10.16"]
[Round "8.12"]
[White "Barria Zuñiga, Daniel"]
[Black "Rios Parra, Alejandro"]
[Result "1/2-1/2"]
[WhiteElo "2419"]
[BlackElo "2299"]
[PlyCount "57"]
[EventDate "2010.10.09"]
[EventType "swiss"]
[EventRounds "9"]
[EventCountry "ESP"]
[Source "lmi"]
[SourceDate "2010.10.09"]

1. d4 Nf6 2. c4 e6 3. Nf3 Bb4+ 4. Nbd2 d5 5. a3 Be7 6. Qc2 b6 7. e4 dxe4 8.
Nxe4 Bb7 9. Bd3 Nbd7 10. Bf4 O-O 11. O-O-O Qc8 12. Rhe1 Re8 13. Neg5 h6 14.
Bh7+ Kf8 15. Nxf7 Bxf3 16. gxf3 Nxh7 17. Nxh6 Bg5 18. Bxg5 Nxg5 19. Qg6 gxh6
20. Qxh6+ Kf7 21. Qh5+ Kf6 22. Qh6+ Kf5 23. d5 e5 24. Rg1 Rg8 25. h4 Nxf3 26.
Qe6+ Kf4 27. Qh6+ Kf5 28. Qe6+ Kf4 29. Qh6+ 1/2-1/2

[Event "I Memorial Oliver Gonzalez Somoza"]
[Site "Madrid ESP"]
[Date "2010.10.16"]
[Round "8.13"]
[White "Semprun Martinez, Fernando"]
[Black "Anton Guijarro, David"]
[Result "0-1"]
[WhiteElo "2173"]
[BlackElo "2403"]
[PlyCount "54"]
[EventDate "2010.10.09"]
[EventType "swiss"]
[EventRounds "9"]
[EventCountry "ESP"]
[Source "lmi"]
[SourceDate "2010.10.09"]

1. e4 e6 2. d4 d5 3. Nc3 Nf6 4. e5 Nfd7 5. f4 c5 6. Nf3 Nc6 7. Be3 Be7 8. dxc5
Bxc5 9. Qd2 O-O 10. O-O-O Qa5 11. Bxc5 Nxc5 12. Nd4 Bd7 13. h4 Rfc8 14. h5 Nxd4
15. Qxd4 b5 16. Kb1 b4 17. Ne2 Ne4 18. Rh3 Bb5 19. Nc1 Bxf1 20. Rxf1 Rc4 21.
Qe3 Rac8 22. Nb3 Qc7 23. Na1 Rxc2 24. Nxc2 Qxc2+ 25. Ka1 Nd2 26. Rhh1 d4 27.
Qf2 Rc5 0-1

[Event "I Memorial Oliver Gonzalez Somoza"]
[Site "Madrid ESP"]
[Date "2010.10.16"]
[Round "8.14"]
[White "Roa Alonso, Santiago"]
[Black "Labarta Gonzalez-Vallarino, Ivan"]
[Result "1-0"]
[WhiteElo "2454"]
[BlackElo "2129"]
[PlyCount "45"]
[EventDate "2010.10.09"]
[EventType "swiss"]
[EventRounds "9"]
[EventCountry "ESP"]
[Source "lmi"]
[SourceDate "2010.10.09"]

1. e4 d6 2. d4 Nf6 3. Nc3 Nbd7 4. g3 e5 5. Nge2 Be7 6. Bg2 O-O 7. O-O Re8 8. h3
Bf8 9. Be3 c6 10. g4 Nb6 11. Ng3 Be6 12. g5 Bc4 13. gxf6 Bxf1 14. fxg7 Bxg7 15.
Bxf1 d5 16. dxe5 Bxe5 17. exd5 Nxd5 18. Nxd5 cxd5 19. Bd3 Qh4 20. Kg2 Kh8 21.
Qg4 Qxg4 22. hxg4 Bxb2 23. Rh1 1-0

[Event "I Memorial Oliver Gonzalez Somoza"]
[Site "Madrid ESP"]
[Date "2010.10.16"]
[Round "8.15"]
[White "Rodrigo Yanguas, Maria"]
[Black "Cueto, Johnny"]
[Result "0-1"]
[WhiteElo "2095"]
[BlackElo "2301"]
[PlyCount "50"]
[EventDate "2010.10.09"]
[EventType "swiss"]
[EventRounds "9"]
[EventCountry "ESP"]
[Source "lmi"]
[SourceDate "2010.10.09"]

1. e4 c5 2. Nf3 d6 3. d4 cxd4 4. Nxd4 Nf6 5. Nc3 g6 6. Be2 Bg7 7. O-O Nc6 8.
Nb3 O-O 9. Bg5 a5 10. a4 Be6 11. Kh1 Rc8 12. f4 Qb6 13. f5 Bxb3 14. cxb3 Qd4
15. fxg6 fxg6 16. Bc4+ Kh8 17. Qe1 Ng4 18. Bf7 Nd8 19. Rd1 Qe5 20. Bf4 Qh5 21.
Bc4 Rxf4 22. Qg3 Rxf1+ 23. Rxf1 Be5 24. Rf8+ Kg7 25. Rg8+ Kh6 0-1

[Event "I Memorial Oliver Gonzalez Somoza"]
[Site "Madrid ESP"]
[Date "2010.10.16"]
[Round "8.16"]
[White "Hernandez Yañez, Javier"]
[Black "Alcazar Jimenez, Jesus Alberto"]
[Result "0-1"]
[WhiteElo "1955"]
[BlackElo "2289"]
[PlyCount "70"]
[EventDate "2010.10.09"]
[EventType "swiss"]
[EventRounds "9"]
[EventCountry "ESP"]
[Source "lmi"]
[SourceDate "2010.10.09"]

1. d4 Nf6 2. Nf3 g6 3. c4 Bg7 4. Nc3 d6 5. e4 O-O 6. Be2 e5 7. dxe5 dxe5 8.
Qxd8 Rxd8 9. Bg5 c6 10. O-O h6 11. Be3 Ng4 12. Bc5 Nd7 13. Rfd1 Re8 14. Ba3 Nf8
15. h3 Nf6 16. b4 Ne6 17. Bb2 Nd4 18. Nd2 Nc2 19. Rab1 Nxb4 20. c5 Bf8 21. Ba3
Nc2 22. Bc1 Bxc5 23. Nc4 Nd4 24. Bf1 b5 25. Na5 Bb6 26. Nb3 Nxb3 27. Rxb3 Be6
28. Rb2 Kg7 29. Be3 Bxe3 30. fxe3 Red8 31. Rxd8 Rxd8 32. a3 Bc4 33. Bxc4 bxc4
34. Kf2 Rd3 35. Rc2 Rxc3 0-1

[Event "I Memorial Oliver Gonzalez Somoza"]
[Site "Madrid ESP"]
[Date "2010.10.16"]
[Round "8.17"]
[White "Madina Yadarola, Martin"]
[Black "Martin Duque, Jesus"]
[Result "1/2-1/2"]
[WhiteElo "2254"]
[BlackElo "2073"]
[PlyCount "73"]
[EventDate "2010.10.09"]
[EventType "swiss"]
[EventRounds "9"]
[EventCountry "ESP"]
[Source "lmi"]
[SourceDate "2010.10.09"]

1. g3 Nf6 2. Bg2 d5 3. d3 e6 4. Nd2 c5 5. e4 Be7 6. Ngf3 b6 7. e5 Nfd7 8. O-O
Qc7 9. Re1 Nc6 10. Qe2 Bb7 11. Nf1 O-O-O 12. h4 h6 13. N1h2 Rdg8 14. c3 g5 15.
hxg5 hxg5 16. Ng4 Rh5 17. a3 Rgh8 18. b4 R8h7 19. d4 Qd8 20. Be3 Qh8 21. Kf1
Ncxe5 22. dxe5 d4 23. Ng1 Bxg2+ 24. Kxg2 dxe3 25. Qa6+ Kb8 26. Rxe3 Rh1 27.
Rae1 R7h2+ 28. Kf3 Qh5 29. Rd3 Rxf2+ 30. Kxf2 Qxg4 31. Qb5 Rh2+ 32. Kf1 Qf5+
33. Rf3 Qc2 34. Ne2 Qh7 35. Ng1 Qc2 36. Ne2 Qh7 37. Ng1 1/2-1/2

[Event "I Memorial Oliver Gonzalez Somoza"]
[Site "Madrid ESP"]
[Date "2010.10.16"]
[Round "8.18"]
[White "Solaesa Navalpotro, Luis Julio"]
[Black "Julian Serra, Rogelio"]
[Result "1-0"]
[WhiteElo "2227"]
[BlackElo "2064"]
[PlyCount "45"]
[EventDate "2010.10.09"]
[EventType "swiss"]
[EventRounds "9"]
[EventCountry "ESP"]
[Source "lmi"]
[SourceDate "2010.10.09"]

1. d4 g6 2. Nf3 Bg7 3. c4 c5 4. d5 d6 5. e4 Nf6 6. Nc3 O-O 7. Bd3 Bg4 8. h3
Bxf3 9. Qxf3 Nbd7 10. Qd1 a6 11. O-O Rb8 12. Re1 e6 13. a3 Re8 14. Be3 b6 15.
Qc2 e5 16. b4 Qc7 17. Rab1 Rb7 18. Rb3 a5 19. bxa5 bxa5 20. Reb1 Rxb3 21. Qxb3
Rb8 22. Nb5 Qb6 23. Bd2 1-0

[Event "I Memorial Oliver Gonzalez Somoza"]
[Site "Madrid ESP"]
[Date "2010.10.16"]
[Round "8.19"]
[White "Bolea Jover, Jose"]
[Black "Perez De Aranda A., Leonardo I"]
[Result "0-1"]
[WhiteElo "1909"]
[BlackElo "2148"]
[PlyCount "108"]
[EventDate "2010.10.09"]
[EventType "swiss"]
[EventRounds "9"]
[EventCountry "ESP"]
[Source "lmi"]
[SourceDate "2010.10.09"]

1. e4 c5 2. c3 d5 3. exd5 Qxd5 4. d4 Nf6 5. Nf3 Bg4 6. Be2 e6 7. Na3 Nc6 8. Nb5
Qd7 9. Bg5 a6 10. Bxf6 gxf6 11. Na3 Bxf3 12. Bxf3 cxd4 13. Nc2 dxc3 14. Qxd7+
Kxd7 15. O-O-O+ Kc7 16. bxc3 Bc5 17. Bh5 Ne5 18. f4 Ng6 19. f5 Ne5 20. Nd4 exf5
21. Nxf5 Rhg8 22. Ng3 Bf2 23. Bf3 Nxf3 24. gxf3 Bxg3 25. hxg3 Rxg3 26. Rxh7
Rxf3 27. Rxf7+ Kc6 28. Kb2 Re8 29. Rdd7 b5 30. Kb3 Ree3 31. Kb4 Re4+ 32. Kb3 b4
33. Rc7+ Kb6 34. Rb7+ Ka5 35. Rfc7 Rxc3+ 36. Rxc3 bxc3 37. Kxc3 Re6 38. Kd4 Ka4
39. Kd5 Re5+ 40. Kd4 Rb5 41. Re7 a5 42. Re3 Rb2 43. Rf3 Rc2 44. Rxf6 Ka3 45.
Kd3 Rb2 46. Ra6 a4 47. Kc3 Rh2 48. Ra8 Rh4 49. Rg8 Rh3+ 50. Kc2 Kxa2 51. Ra8 a3
52. Kc1 Rc3+ 53. Kd2 Kb2 54. Rb8+ Rb3 0-1

[Event "I Memorial Oliver Gonzalez Somoza"]
[Site "Madrid ESP"]
[Date "2010.10.16"]
[Round "8.20"]
[White "Valles Moreno, Ivan"]
[Black "Aziz Ortego, Omar Luis"]
[Result "0-1"]
[WhiteElo "2403"]
[BlackElo "2080"]
[PlyCount "74"]
[EventDate "2010.10.09"]
[EventType "swiss"]
[EventRounds "9"]
[EventCountry "ESP"]
[Source "lmi"]
[SourceDate "2010.10.09"]

1. d4 e6 2. Nf3 Nf6 3. c4 b6 4. Nc3 Bb7 5. a3 Be7 6. Bg5 d5 7. Qa4+ Bc6 8. Qc2
O-O 9. Bxf6 Bxf6 10. cxd5 exd5 11. e3 Re8 12. Bd3 h6 13. O-O-O Bb7 14. g4 c5
15. h4 cxd4 16. exd4 Qd6 17. Qd2 a6 18. g5 Be7 19. Rdg1 h5 20. g6 f6 21. Kb1
Bc8 22. Re1 Nc6 23. Re3 Bg4 24. Rhe1 b5 25. Bc2 Na5 26. Qe2 Ra7 27. Qf1 Nc4 28.
Qg2 b4 29. Na4 bxa3 30. b3 Qb4 31. Ka2 Nxe3 32. Rxe3 Kf8 33. Nh2 Qd2 34. Rc3
Bb4 35. Rc6 Qxd4 36. Nxg4 Re1 37. Bb1 Qd1 0-1

[Event "I Memorial Oliver Gonzalez Somoza"]
[Site "Madrid ESP"]
[Date "2010.10.16"]
[Round "8.21"]
[White "Taboas Rodriguez, Daniel"]
[Black "Nuñez Gutierrez, Juan Carlos"]
[Result "0-1"]
[WhiteElo "2381"]
[BlackElo "2079"]
[PlyCount "64"]
[EventDate "2010.10.09"]
[EventType "swiss"]
[EventRounds "9"]
[EventCountry "ESP"]
[Source "lmi"]
[SourceDate "2010.10.09"]

1. d4 Nf6 2. Nf3 e6 3. c4 b6 4. Nc3 Bb4 5. Qc2 c5 6. a3 Bxc3+ 7. Qxc3 h6 8. Bf4
d6 9. dxc5 e5 10. Bg3 bxc5 11. O-O-O Qc7 12. Nxe5 O-O 13. Nd3 Ne4 14. Qc2 Bf5
15. f3 Nxg3 16. hxg3 Nc6 17. e4 Nd4 18. Qc3 Bd7 19. Nf4 Rab8 20. Nd5 Qd8 21. b4
Be6 22. Kb2 Bxd5 23. cxd5 a5 24. Rxd4 cxd4 25. Qxd4 axb4 26. axb4 Qa5 27. Kb3
Rb7 28. b5 Ra8 29. Kc2 Qa2+ 30. Kd1 Qb1+ 31. Ke2 Ra2+ 32. Ke3 Qc1+ 0-1

[Event "I Memorial Oliver Gonzalez Somoza"]
[Site "Madrid ESP"]
[Date "2010.10.16"]
[Round "8.22"]
[White "Perez Gonzalez, Jose Manuel"]
[Black "Collado Barbas, Laura"]
[Result "0-1"]
[WhiteElo "2318"]
[BlackElo "2058"]
[PlyCount "78"]
[EventDate "2010.10.09"]
[EventType "swiss"]
[EventRounds "9"]
[EventCountry "ESP"]
[Source "lmi"]
[SourceDate "2010.10.09"]

1. e4 e6 2. d4 d5 3. Nd2 Nc6 4. Ngf3 Nf6 5. e5 Nd7 6. c3 f6 7. Bb5 a6 8. Bxc6
bxc6 9. O-O c5 10. Qa4 Rb8 11. dxc5 Bxc5 12. Nb3 O-O 13. Bf4 fxe5 14. Bxe5 Rxf3
15. gxf3 Nxe5 16. Nxc5 Qf8 17. b4 Nxf3+ 18. Kh1 h6 19. Rg1 Nxg1 20. Kxg1 e5 21.
Qc6 Rb6 22. Qxd5+ Kh7 23. Re1 Rg6+ 24. Kf1 Bh3+ 25. Ke2 Qf4 26. Nd3 Bg4+ 27. f3
Qxh2+ 28. Nf2 Be6 29. Qe4 Qg2 30. a4 Qg5 31. c4 Bf5 32. Qe3 Qg2 33. c5 Rg3 34.
b5 axb5 35. axb5 e4 36. b6 cxb6 37. cxb6 Rxf3 38. b7 Rxe3+ 39. Kxe3 Qf3+ 0-1

[Event "I Memorial Oliver Gonzalez Somoza"]
[Site "Madrid ESP"]
[Date "2010.10.16"]
[Round "8.23"]
[White "Martinez Rodriguez, Pablo"]
[Black "Cerrato Torrijos, Maria"]
[Result "1-0"]
[WhiteElo "2239"]
[BlackElo "2055"]
[PlyCount "35"]
[EventDate "2010.10.09"]
[EventType "swiss"]
[EventRounds "9"]
[EventCountry "ESP"]
[Source "lmi"]
[SourceDate "2010.10.09"]

1. Nf3 Nf6 2. c4 e6 3. Nc3 Bb4 4. d4 O-O 5. Bg5 c5 6. e3 Qa5 7. Bxf6 Bxc3+ 8.
bxc3 Qxc3+ 9. Nd2 gxf6 10. Rb1 d5 11. Rb3 Qa5 12. Qh5 cxd4 13. exd4 Qc7 14.
Rg3+ Qxg3 15. hxg3 Re8 16. Qg4+ Kf8 17. Rxh7 Ke7 18. Qh5 1-0

[Event "I Memorial Oliver Gonzalez Somoza"]
[Site "Madrid ESP"]
[Date "2010.10.16"]
[Round "8.24"]
[White "Vilarnovo Caamaño, Jose"]
[Black "Castaño, Henry Augusto"]
[Result "0-1"]
[WhiteElo "2059"]
[BlackElo "2205"]
[PlyCount "72"]
[EventDate "2010.10.09"]
[EventType "swiss"]
[EventRounds "9"]
[EventCountry "ESP"]
[Source "lmi"]
[SourceDate "2010.10.09"]

1. e4 d6 2. d4 Nf6 3. Nc3 g6 4. f4 Bg7 5. Be2 c5 6. e5 Nfd7 7. exd6 cxd4 8. Nb5
O-O 9. Nc7 exd6 10. Nxa8 Nc6 11. Nf3 Nc5 12. O-O Ne4 13. Bd3 d5 14. b3 Bg4 15.
Bb2 Qd6 16. h3 Bxf3 17. Rxf3 Rxa8 18. g4 Re8 19. Kg2 Qd8 20. Bb5 Qb6 21. Bf1 a6
22. a3 Qd8 23. b4 b5 24. Bd3 Nd6 25. Qf1 Nc4 26. Bxc4 dxc4 27. Re1 Rxe1 28.
Qxe1 d3 29. Bc1 dxc2 30. Re3 Qd5+ 31. Kh2 h5 32. gxh5 Qxh5 33. Qe2 Qxe2+ 34.
Rxe2 Nd4 35. Re4 f5 36. Re7 Bf8 0-1

[Event "I Memorial Oliver Gonzalez Somoza"]
[Site "Madrid ESP"]
[Date "2010.10.16"]
[Round "8.25"]
[White "Pastor Alonso De Prado, Emilio A"]
[Black "Cabañas Bravo, Juan Andres"]
[Result "1-0"]
[WhiteElo "2199"]
[BlackElo "2049"]
[PlyCount "73"]
[EventDate "2010.10.09"]
[EventType "swiss"]
[EventRounds "9"]
[EventCountry "ESP"]
[Source "lmi"]
[SourceDate "2010.10.09"]

1. e4 e5 2. Nf3 Nc6 3. Nc3 Nf6 4. Bb5 Nd4 5. Ba4 Bc5 6. Nxe5 O-O 7. Nd3 Bb6 8.
e5 Ne8 9. Nd5 Qg5 10. Ne3 d6 11. f4 Qh6 12. c3 Nc6 13. Qf3 Bd7 14. Bc2 f6 15.
Bb3+ Kh8 16. e6 Bc8 17. Ng4 Qh5 18. f5 Ne7 19. Rf1 c6 20. Bc2 g5 21. b3 Ng7 22.
Ndf2 a5 23. Bb2 Nd5 24. Ne4 Ne8 25. O-O-O Bd8 26. Rde1 Be7 27. Rh1 a4 28. g3
axb3 29. axb3 Ra2 30. Bb1 Rxb2 31. Kxb2 Ng7 32. Nef2 b5 33. Qe2 Nc7 34. h4 d5
35. hxg5 Qxg5 36. Nh3 Qh5 37. Nf4 1-0

[Event "I Memorial Oliver Gonzalez Somoza"]
[Site "Madrid ESP"]
[Date "2010.10.16"]
[Round "8.26"]
[White "Vazquez Torres, Adrian"]
[Black "Vargas Huamani, Juan C"]
[Result "1-0"]
[WhiteElo "2160"]
[BlackElo "2013"]
[PlyCount "31"]
[EventDate "2010.10.09"]
[EventType "swiss"]
[EventRounds "9"]
[EventCountry "ESP"]
[Source "lmi"]
[SourceDate "2010.10.09"]

1. e4 c5 2. Nf3 Nc6 3. Bb5 e6 4. O-O Nge7 5. b3 a6 6. Bxc6 Nxc6 7. Bb2 d5 8.
exd5 Qxd5 9. Nc3 Qd8 10. Ne4 Nd4 11. Nxd4 cxd4 12. f4 b6 13. Qf3 Rb8 14. Qg3 g6
15. f5 Bb7 16. Nf6+ 1-0

[Event "I Memorial Oliver Gonzalez Somoza"]
[Site "Madrid ESP"]
[Date "2010.10.16"]
[Round "8.27"]
[White "Gonzalez Tedin, Antonio"]
[Black "Alonso Garuti, Luis E"]
[Result "1-0"]
[WhiteElo "2156"]
[BlackElo "1957"]
[PlyCount "55"]
[EventDate "2010.10.09"]
[EventType "swiss"]
[EventRounds "9"]
[EventCountry "ESP"]
[Source "lmi"]
[SourceDate "2010.10.09"]

1. c4 e5 2. g3 Nf6 3. Bg2 Bc5 4. Nc3 c6 5. e3 O-O 6. Nge2 d5 7. cxd5 cxd5 8. d4
exd4 9. exd4 Bb6 10. Bg5 Be6 11. O-O Nc6 12. h3 Qd7 13. Bxf6 gxf6 14. Kh2 Kh8
15. Qd2 Rg8 16. Rad1 Ne7 17. Nf4 Bc7 18. Rfe1 Nf5 19. Ncxd5 Bxd5 20. Nxd5 Bd8
21. Qf4 Rc8 22. Be4 Rg5 23. h4 Rh5 24. Bf3 Ng7 25. Bxh5 Nxh5 26. Qf3 Ng7 27.
Nxf6 Qd6 28. Ne8 1-0

[Event "I Memorial Oliver Gonzalez Somoza"]
[Site "Madrid ESP"]
[Date "2010.10.16"]
[Round "8.28"]
[White "Lara Granero, Bio"]
[Black "Nieto De La Cruz, Julio"]
[Result "0-1"]
[WhiteElo "2036"]
[BlackElo "2147"]
[PlyCount "110"]
[EventDate "2010.10.09"]
[EventType "swiss"]
[EventRounds "9"]
[EventCountry "ESP"]
[Source "lmi"]
[SourceDate "2010.10.09"]

1. e4 c5 2. f4 d5 3. Nc3 dxe4 4. Nxe4 e6 5. Nf3 Nc6 6. Bb5 Bd7 7. c3 a6 8. Ba4
Nh6 9. d3 Be7 10. Be3 b6 11. h3 Nf5 12. Bf2 Qc7 13. g4 Nd6 14. Bg3 h5 15. Kf2
c4 16. Bc2 O-O-O 17. Qe2 Rdf8 18. dxc4 f5 19. Neg5 hxg4 20. hxg4 Rxh1 21. Rxh1
fxg4 22. c5 Nb7 23. Nxe6 gxf3 24. Nxc7 fxe2 25. Nxa6 bxc5 26. Kxe2 Bd6 27. Rg1
Ne7 28. c4 Na5 29. f5 Nxc4 30. Bxd6 Nxd6 31. Nxc5 Bb5+ 32. Ke1 Nexf5 33. a4 Bc6
34. b4 Nd4 35. Kd1 Nc4 36. Bd3 Nb2+ 37. Kd2 Nf3+ 38. Kc3 Nxa4+ 39. Nxa4 Nxg1
40. b5 Rf4 41. Nc5 Bb7 42. Bc4 Nf3 43. Be6+ Kc7 44. Nd3 Rh4 45. Nc5 Ne5 46. Nb3
Kd6 47. Bf5 g6 48. Bc2 Bd5 49. Nd4 Kc5 50. Ne2 Bc4 51. Nc1 Rh3+ 52. Kd2 Kxb5
53. Be4 Kc5 54. Kd1 Rh2 55. Ke1 Kd4 0-1

[Event "I Memorial Oliver Gonzalez Somoza"]
[Site "Madrid ESP"]
[Date "2010.10.16"]
[Round "8.29"]
[White "Ramos Aldoradin, John Paul"]
[Black "Pablos Tenrero, Raquel"]
[Result "1-0"]
[WhiteElo "2126"]
[BlackElo "1884"]
[PlyCount "67"]
[EventDate "2010.10.09"]
[EventType "swiss"]
[EventRounds "9"]
[EventCountry "ESP"]
[Source "lmi"]
[SourceDate "2010.10.09"]

1. e4 e5 2. Nf3 Nc6 3. Bc4 Bc5 4. c3 Nf6 5. d3 d6 6. Bb3 a6 7. O-O O-O 8. Be3
Ba7 9. Nbd2 Be6 10. Re1 Re8 11. Bxe6 fxe6 12. Bxa7 Rxa7 13. Qb3 Qd7 14. a4 b6
15. d4 exd4 16. cxd4 d5 17. Rad1 Raa8 18. Ne5 Nxe5 19. dxe5 Nh5 20. g3 g6 21.
f4 Qf7 22. exd5 exd5 23. Nf3 Rad8 24. Ng5 Qd7 25. Rd2 h6 26. Ne4 Kh8 27. Red1
Qg4 28. Nf2 Qe6 29. Rxd5 Rxd5 30. Qxd5 Ng7 31. Ne4 Qxd5 32. Rxd5 Ne6 33. Rd7
Rc8 34. Nf6 1-0

[Event "I Memorial Oliver Gonzalez Somoza"]
[Site "Madrid ESP"]
[Date "2010.10.16"]
[Round "8.30"]
[White "Pascual Palomo, Lucia"]
[Black "Martinez Martinez, Antonio"]
[Result "1-0"]
[WhiteElo "2126"]
[BlackElo "1695"]
[PlyCount "65"]
[EventDate "2010.10.09"]
[EventType "swiss"]
[EventRounds "9"]
[EventCountry "ESP"]
[Source "lmi"]
[SourceDate "2010.10.09"]

1. e4 g6 2. d4 d6 3. Nc3 c6 4. Be3 Bg7 5. f3 Qb6 6. Qd2 h5 7. O-O-O Bh6 8. Bxh6
Nxh6 9. Bc4 e6 10. Nge2 d5 11. Bd3 Ng8 12. Rhe1 Ne7 13. Nf4 Qxd4 14. exd5 e5
15. Re4 Qc5 16. Rxe5 Nd7 17. Ne4 Qd4 18. Nd6+ Kf8 19. Rxe7 Kxe7 20. Nxf7 Rg8
21. Re1+ Ne5 22. Rxe5+ Kf6 23. Ne2 Qf2 24. Qg5+ Kg7 25. Qxg6+ Kf8 26. Qd6+ Kg7
27. Rg5+ Kxf7 28. Bg6+ Kg7 29. Bxh5+ Kh7 30. Qe7+ Kh8 31. Qf6+ Kh7 32. Bg6+ Kh6
33. Rh5# 1-0

[Event "I Memorial Oliver Gonzalez Somoza"]
[Site "Madrid ESP"]
[Date "2010.10.16"]
[Round "8.32"]
[White "Barajas Fernandez, Helios"]
[Black "Mansilla Tolosa, Luis E"]
[Result "1-0"]
[WhiteElo "1976"]
[BlackElo "2107"]
[PlyCount "63"]
[EventDate "2010.10.09"]
[EventType "swiss"]
[EventRounds "9"]
[EventCountry "ESP"]
[Source "lmi"]
[SourceDate "2010.10.09"]

1. e4 g6 2. d4 e6 3. Nf3 Bg7 4. Bg5 Ne7 5. Qd2 h6 6. Bf4 c5 7. c3 cxd4 8. cxd4
d6 9. Nc3 a6 10. Be2 d5 11. Be5 O-O 12. h4 Nbc6 13. Bxg7 Kxg7 14. h5 g5 15. e5
g4 16. Nh2 Nf5 17. Nxg4 Ncxd4 18. Nxh6 Nxh6 19. Qxd4 Qg5 20. g4 f6 21. f4 fxe5
22. fxg5 exd4 23. gxh6+ Kxh6 24. Na4 b5 25. Nb6 Rb8 26. Nxc8 Rbxc8 27. Kd2 e5
28. Rhf1 Kg5 29. Rxf8 Rxf8 30. Rf1 Re8 31. Rf5+ Kh4 32. h6 1-0

[Event "I Memorial Oliver Gonzalez Somoza"]
[Site "Madrid ESP"]
[Date "2010.10.16"]
[Round "8.33"]
[White "Camarero Izquierdo, Juan Carlos"]
[Black "Cortes Jurado, Rafael"]
[Result "0-1"]
[WhiteElo "1941"]
[BlackElo "2083"]
[PlyCount "50"]
[EventDate "2010.10.09"]
[EventType "swiss"]
[EventRounds "9"]
[EventCountry "ESP"]
[Source "lmi"]
[SourceDate "2010.10.09"]

1. e4 c5 2. Nf3 e6 3. d4 cxd4 4. Nxd4 Nc6 5. Nxc6 bxc6 6. Bd3 d5 7. O-O Nf6 8.
Bg5 Be7 9. e5 Nd7 10. Bxe7 Qxe7 11. f4 Qb4 12. Qc1 Rb8 13. Nd2 Qxb2 14. Qe1 Ba6
15. Bxa6 Qb6+ 16. Kh1 Qxa6 17. Qg3 O-O 18. h4 h6 19. Nf3 Rb2 20. Rf2 Nc5 21.
Nd2 Rxc2 22. f5 exf5 23. Qe3 Qd3 24. Qe1 Qd4 25. g3 Nd3 0-1

[Event "I Memorial Oliver Gonzalez Somoza"]
[Site "Madrid ESP"]
[Date "2010.10.16"]
[Round "8.34"]
[White "Rasskin Friederichs, Ivan"]
[Black "Estrada Martinez, Cesar"]
[Result "1-0"]
[WhiteElo "1905"]
[BlackElo "2211"]
[PlyCount "77"]
[EventDate "2010.10.09"]
[EventType "swiss"]
[EventRounds "9"]
[EventCountry "ESP"]
[Source "lmi"]
[SourceDate "2010.10.09"]

1. e4 c5 2. Nc3 Nc6 3. g3 g6 4. Bg2 Bg7 5. d3 e6 6. f4 Nge7 7. Nf3 O-O 8. O-O
d5 9. e5 b6 10. Ne2 Bb7 11. d4 Rc8 12. c3 Ba6 13. Re1 Bxe2 14. Rxe2 h5 15. Bh3
cxd4 16. cxd4 Qd7 17. Be3 Na5 18. Bf2 Rc4 19. g4 hxg4 20. Bxg4 Rfc8 21. b3 R4c6
22. Qf1 Qc7 23. Qh3 Rc1+ 24. Rxc1 Qxc1+ 25. Re1 Qc3 26. Bxe6 Rc6 27. Bg4 Qd3
28. Re3 Qb1+ 29. Kg2 Nf5 30. Bxf5 Qxf5 31. Qxf5 gxf5 32. Nh4 Rc8 33. Nxf5 Rc2
34. Rg3 Rxa2 35. Rxg7+ Kf8 36. Rh7 Ke8 37. Nd6+ Kd7 38. Rxf7+ Kc6 39. b4 1-0

[Event "I Memorial Oliver Gonzalez Somoza"]
[Site "Madrid ESP"]
[Date "2010.10.16"]
[Round "8.35"]
[White "Rodriguez Dorado, Victor Manuel"]
[Black "Paredes Sanchez, Juan"]
[Result "1-0"]
[WhiteElo "1923"]
[BlackElo "2206"]
[PlyCount "77"]
[EventDate "2010.10.09"]
[EventType "swiss"]
[EventRounds "9"]
[EventCountry "ESP"]
[Source "lmi"]
[SourceDate "2010.10.09"]

1. c4 Nf6 2. Nf3 g6 3. Nc3 Bg7 4. e4 d6 5. d3 O-O 6. Be2 e5 7. Bg5 h6 8. Bd2 c6
9. Qc1 Kh7 10. b4 Re8 11. h4 d5 12. h5 Nxh5 13. cxd5 Qf6 14. dxc6 bxc6 15. Nd1
Nf4 16. Ne3 h5 17. Qb2 Ba6 18. Qb3 Rd8 19. Nc4 Nd7 20. g3 Nxe2 21. Kxe2 Kg8 22.
Bg5 Qe6 23. Bxd8 Rxd8 24. a4 Bh6 25. Rhd1 Rb8 26. Qc3 f5 27. Ncd2 Re8 28. Rab1
Kh7 29. b5 cxb5 30. axb5 Bb7 31. Qc7 Ba8 32. Ra1 Bxd2 33. Rxd2 Kh6 34. Ra6 Qf7
35. Rxa7 fxe4 36. dxe4 Rf8 37. Qc3 Rd8 38. Qe3+ Kg7 39. Nxe5 1-0

[Event "I Memorial Oliver Gonzalez Somoza"]
[Site "Madrid ESP"]
[Date "2010.10.16"]
[Round "8.36"]
[White "Bandres Carballo, Julio"]
[Black "Martin-Consuegra Barrilero, Javier"]
[Result "1-0"]
[WhiteElo "2201"]
[BlackElo "1930"]
[PlyCount "107"]
[EventDate "2010.10.09"]
[EventType "swiss"]
[EventRounds "9"]
[EventCountry "ESP"]
[Source "lmi"]
[SourceDate "2010.10.09"]

1. d4 d6 2. e4 Nf6 3. Nc3 c6 4. Nf3 Nbd7 5. e5 Nd5 6. Nxd5 cxd5 7. exd6 e6 8.
Bf4 Qb6 9. Bd3 Bxd6 10. Bxd6 Qxd6 11. O-O h6 12. Re1 O-O 13. Re3 f5 14. c3 Rf6
15. Ne5 Nf8 16. Qh5 Bd7 17. Rae1 Be8 18. Qf3 a6 19. Qe2 g5 20. g4 f4 21. Rf3
Kg7 22. Bb1 Bg6 23. Qd1 Bxb1 24. Qxb1 Ng6 25. Nxg6 Rxg6 26. Re5 b5 27. Kg2 Rh8
28. Qe1 h5 29. gxh5 Rxh5 30. Rh3 Rxh3 31. Kxh3 g4+ 32. Kg2 Qd7 33. Rh5 Qc7 34.
f3 g3 35. hxg3 Rxg3+ 36. Kf2 Rg6 37. Qh1 Kf8 38. Rh8+ Rg8 39. Qh6+ Qg7 40.
Qxf4+ Ke7 41. Qc7+ Kf6 42. Qe5+ Ke7 43. Qxg7+ Rxg7 44. Ra8 Kf6 45. Rxa6 Rb7 46.
a3 Kf5 47. Ke3 Rb8 48. Ra7 Kf6 49. Kf4 Rb6 50. Rh7 Kg6 51. Rh8 Kg7 52. Rh4 Rc6
53. Ke5 Ra6 54. Rf4 1-0